Statistiques concernant Le cheval a léo guardine.

Cliquez ici pour prendre le quiz!

Statistiques générales

  • Ce quiz a été pris 8 fois
  • Le résultat moyen est 6 sur 9

Statistiques - réponses

HintRéponse% Correct
Place1
100%
Vitesse de pointe100
100%
surnom secretV
100%
vrai nomVasyvite
100%
Surnom divinle V céleste
75%
Spécificité ou AideAide au démarrage en cote
50%
hauteur de saut3 metres
25%
Puissance fiscal5cv
25%
MoteurV8
25%

Distribution des résultats

Percentile par nombre de réponses

% des personnes avec chaque résultat

Votre développement - résultats

Vous n’avez pas pris ce quiz